Käännä sanat englanniksi - Keskivaikea - Statistics

Yleistilastot
  • Tätä visaa on pelattu 331 kertaa
  • Keskiarvotulos 8 / 20
Vastaustilastot
Suomennos Englanniksi % Oikein
vastaus answer
92%
kysymys question
92%
totuus truth
90%
vaara danger
88%
mielipide opinion
86%
projekti project
86%
osa part
85%
riski risk
81%
artikkeli article
79%
esimerkki example
79%
tarve need
79%
ongelma problem
79%
strategia strategy
78%
johtaja leader
77%
suunnitelma plan
74%
oppitunti lesson
73%
kokemus experience
72%
jäsen member
72%
yhteisö community
69%
yhteys connection
68%
oppiminen learning
68%
kokous meeting
68%
laatu quality
68%
kokemus experience
65%
tilanne situation
65%
ero difference
64%
haaste challenge
62%
kilpailu competition
62%
tieto knowledge
60%
valinta choice
59%
tavoite goal
57%
ajatus thought
57%
merkitys meaning
54%
mieliala mood
54%
riippuvuus addiction
53%
tehtävä task
53%
tappio defeat
50%
ratkaisu solution
49%
ymmärrys understanding
48%
voitto victory
48%
vaikutelma impression
47%
analyysi analysis
46%
selitys explanation
45%
päätös decision
43%
yksityiskohta detail
42%
mahdollisuus chance
41%
tutkimus research
39%
järjestelmä system
39%
suunta direction
38%
ajanjakso period
38%
mahdollisuus opportunity
37%
menestys success
37%
suositus recommendation
36%
tunne emotion
35%
viestintä communication
34%
epäonnistuminen failure
34%
tapa habit
32%
keskustelu discussion
28%
tallenne recording
28%
vaikutus impact
27%
verkosto network
27%
kokonaisuus whole
27%
saavutus achievement
26%
väite claim
26%
vaikutus effect
24%
lähtökohta starting point
23%
neuvottelu negotiation
22%
uteliaisuus curiosity
21%
ominaisuus feature
19%
ehdotus proposal
19%
sopimus agreement
18%
ilmoitus announcement
18%
esitys presentation
18%
etu advantage
17%
edistys progress
17%
määrä quantity
17%
päätelmä conclusion
16%
vaatimus requirement
16%
seikka fact
15%
epävarmuus uncertainty
15%
perusta basis
14%
julkaisu publication
14%
näyttö display
13%
ohje instruction
13%
käytäntö practice
13%
harjoitus exercise
12%
luonne character
11%
vaikutusvalta influence
10%
tila state
9%
sopivuus suitability
9%
yleiskuva overview
7%
arvio assessment
6%
haitta disadvantage
6%
henkilö individual
6%
tiedote notice
6%
harhaluulo misconception
3%
havainto observation
3%
todistus evidence
0%
tilaisuus occasion
0%
mahdollisuus potential
0%
Ehtoja vastaavia visoja ei löytynyt
Tulosjakauma
Jokaisen tuloksen saaneiden osuus
Persentiili vastausten määrän mukaan
Tuloshistoriasi
Et ole pelannut tätä visaa